| 000 | 00466nam a2200181 4500 | ||
|---|---|---|---|
| 003 | SEACOMEC | ||
| 005 | 20240229161200.0 | ||
| 008 | 240229b |||||||| |||| 00| 0 eng d | ||
| 020 | _c410.00 | ||
| 040 | _aSEACOMEC | ||
| 082 |
_a005.74 _bL570 |
||
| 100 | _aLeon.Alexis | ||
| 245 | 1 |
_aDatabase management systems _cAlexis Leon,Mathews Leon |
|
| 260 |
_aChennai _bLeon Vikas _c1999 |
||
| 650 | _aComputer science,d databases | ||
| 700 | _aLeon,Mathews | ||
| 942 | _cBOOK | ||
| 999 |
_c723 _d723 |
||